| 000 | 00875nam a22002297a 4500 | ||
|---|---|---|---|
| 999 |
_c63754 _d63754 |
||
| 005 | 20240530110657.0 | ||
| 008 | 171223s2016 ua g 000 0 ara d | ||
| 017 |
_a2015/22379 _bمصر. دار الكتب |
||
| 020 | _a9789771453352 | ||
| 040 |
_aEG-CaGPL _cEG-CaGPL |
||
| 082 | 0 | 4 |
_221 _a320.962 _bق/خ ب |
| 100 | 0 | _aخليل فاضل | |
| 245 | 1 | 2 |
_aالبوح العظيم : _bالمصريون ما جرى لهم وبهم " 2011 - 2015 " / _cخليل فاضل . |
| 250 | _aط.1 | ||
| 260 |
_aالقاهرة : _bدار نهضة مصر للنشر ، _c2016 . |
||
| 300 |
_a398 ص. ؛ _c20 سم. |
||
| 610 | 0 | _aعبدالفتاح السيسى | |
| 650 | 0 | 7 |
_2qrmak _aالتعليم _y2015 _zمصر |
| 651 | 0 | 7 |
_2qrmak _aمصر _xالاحوال السياسية _yبعد ثورة 25 يناير |
| 942 |
_2ddc _cBK |
||